Artificial intelligence and statistics 99 : proceedings of uncertainty 99 : the seventh international workshop on artificial intelligence and statistics : January 3-6, 1999 Fort Lauderdale, Florida
Αποθηκεύτηκε σε:
| Συγγραφή απο Οργανισμό/Αρχή: | |
|---|---|
| Άλλοι συγγραφείς: | , |
| Μορφή: | Πρακτικό Συνεδρίου Βιβλίο |
| Γλώσσα: | English |
| Δημοσίευση: |
San Fransisco, CA :
Morgan Kaufmann Publishers,
c1999.
|
| Θέματα: | |
| Ετικέτες: |
Προσθήκη ετικέτας
Δεν υπάρχουν, Καταχωρήστε ετικέτα πρώτοι!
|
MARC
| LEADER | 00000cam a2200000 i 4500 | ||
|---|---|---|---|
| 001 | 1/19423 | ||
| 008 | 010425s1999####cau| ||| |||| ||eng|| | ||
| 020 | |a 1558605894 | ||
| 035 | |l 10066849 | ||
| 040 | |a GR-MyUa |b gre |e AACR2 | ||
| 041 | 0 | |a eng | |
| 082 | 7 | |a 006.3015195 |2 (22) | |
| 111 | 2 | |a Workshop on Artificial Intelligence and Statistics |n (7th : |d 1999 : |c Fort Lauderdale, Fla.) | |
| 245 | 1 | 0 | |a Artificial intelligence and statistics 99 : |b proceedings of uncertainty 99 : the seventh international workshop on artificial intelligence and statistics : January 3-6, 1999 Fort Lauderdale, Florida / |c edited by David Heckerman, Joe Whittaker. |
| 246 | 1 | |i Παράλληλος τίτλος: |a Proceedings of uncertainty 99 : |b the seventh international workshop on artificial intelligence and statistics : January 3-6, 1999 Fort Lauderdale, Florida | |
| 260 | |a San Fransisco, CA : |b Morgan Kaufmann Publishers, |c c1999. | ||
| 300 | |a 315 σ. ; |c 28 εκ. | ||
| 504 | |a Περιλαμβάνει ευρετήριο. | ||
| 650 | 0 | 0 | |a Artificial intelligence |x Congresses. |
| 650 | 0 | 0 | |a Statistics |x Congresses. |
| 700 | 1 | |a Heckerman, David E. |e edt | |
| 700 | 1 | |a Whittaker, J. |q (Joe) |e edt | |
| 852 | |a INST |b CHIOS |e 20010425 |h 006.3015195 ART |p 005200021180 |q 005200021180 |t BK |y 0 | ||
| 901 | |a BIBL2-2001-1 | ||
| 970 | |a Σαλαμούρα |b Μαρία |z 2001/04/24 | ||